000 00659nam a22001937a 4500
008 160813b xxu||||| |||| 00| 0 eng d
020 _a9780071100878
082 _22008
_aDC 332.6
_bJ76
100 _912834
_aJordan, Bradford D.
245 _aFundamentals of investments:
_bvaluation and management/
_cBradford D. Jordan and Thomas W. Miller.
250 _a4th edition
260 _aBoston:
_bMcGraw-Hill,
_cc2008.
300 _axxxvii, 708 pages:
_bcolor illustrations;
_c25 cm.
500 _aIncludes appendices and indexes.
650 0 _912835
_aInvestment
700 _912836
_aMiller, Thomas W.
_eAuthor
365 _aPhp
_b4150.00
942 _2ddc
_cDC
999 _c3859
_d3859